Marketing obuvníckeho priemyslu v spoločnosti Gabor Shoes AG diplomová práca

Na minha lista:
Detalhes bibliográficos
Autor principal: Vondrová, Michaela
Autor Corporativo: Obchodná fakulta EU. Katedra marketingu
Outros Autores: Francová, Zuzana, 1971-
Formato: Livro
Idioma:eslovaco
Publicado em: Bratislava 2008
Tags: Adicionar Tag
Sem tags, seja o primeiro a adicionar uma tag!

MARC

LEADER 00000nam$a2200000$$$4500
001 0081804
005 20240201115510.1
041 0 |a slo 
044 |a SK 
245 1 0 |a Marketing obuvníckeho priemyslu v spoločnosti Gabor Shoes AG  |b diplomová práca  |c Michaela Vondrová ; škol. Zuzana Francová 
264 1 |a Bratislava  |c 2008 
300 |a 68 s. 
100 1 |a Vondrová, Michaela 
700 1 |a Francová, Zuzana, 1971- 
710 2 |a Obchodná fakulta EU. Katedra marketingu